| Tag |
First Indicator |
Second Indicator |
Subfields |
| LEADER |
00000cam a2200000 i 4500 |
| 001 |
in00000021679 |
| 005 |
20151007063706.0 |
| 008 |
751022s1917 nyuc 00010 eng d |
| 010 |
|
|
|a 19012900
|
| 035 |
|
|
|a (OCoLC)01725437
|
| 035 |
|
|
|9 AAD8012AM
|
| 040 |
|
|
|a TOL
|c TOL
|d TXA
|d UtOrBLW
|
| 041 |
1 |
|
|a eng
|a nor
|
| 049 |
|
|
|a TXAM
|c [113332]
|
| 050 |
|
0 |
|a PT8854
|b .B55
|
| 092 |
|
|
|a 839.8226
|b I14m
|
| 100 |
1 |
|
|a Ibsen, Henrik,
|d 1828-1906.
|
| 245 |
1 |
4 |
|a The master builder ;
|b Pillars of society ; Hedda Gabler /
|c By Henrik Ibsen ; introd. by H. L. Mencken.
|
| 264 |
|
1 |
|a New York :
|b Boni and Liveright,
|c 1917.
|
| 300 |
|
|
|a xii pages, 1 ., 305 pages including frontispiece (port.) ;
|c 17 cm.
|
| 336 |
|
|
|a text
|b txt
|2 rdacontent
|
| 337 |
|
|
|a unmediated
|b n
|2 rdamedia
|
| 338 |
|
|
|a volume
|b nc
|2 rdacarrier
|
| 490 |
0 |
|
|a The Modern library of the world's best books
|
| 700 |
1 |
|
|a Mencken, H. L.
|q (Henry Louis),
|d 1880-1956.
|
| 740 |
0 |
|
|a Pillars of society.
|
| 740 |
0 |
|
|a Hedda Gabler.
|
| 999 |
|
|
|a MARS
|
| 999 |
f |
f |
|s b4043dd8-da62-3bda-b71a-d323d6c88f24
|i f3fed7f9-7459-398a-a181-4f5bbef31a0b
|t 0
|
| 952 |
f |
f |
|p normal
|a Texas A&M University
|b College Station
|c Sterling C. Evans Library
|d Evans: Library Stacks
|t 0
|e PT8854 .B55
|h Library of Congress classification
|i unmediated -- volume
|m A14813863228
|
| 998 |
f |
f |
|a PT8854 .B55
|t 0
|l Evans: Library Stacks
|